Szczegóły MARC21

Das Berufsfeld des Industrie-Mineralogen /

005 -DATA I CZAS OSTATNIEJ MODYFIKACJI [,]
    • @
    • pole kontrolne
    • 20080807095140.0
040 -Instytucja sporządzająca opis [ , ]
    • d
    • Instytucja, która zmodyfikowała rekord (P)
    • SZCZ U/OG
041 -Język dokumentu [0, ]
    • a
    • Język tekstu (P)
    • niemiecki
    • b
    • Język streszczeń lub abstraktu (P)
    • niemiecki
044 -Kraj miejsca wydania [ , ]
    • a
    • Kraj miejsca wydania
    • Niemcy
942 -Rodzaj dokumentu [ , ]
    • c
    • Rodzaj dokumentu
    • Książka
110 -Hasło główne - nazwa ciała zbiorowego [2, ]
    • a
    • Nazwa ciała zbiorowego lub nazwa geograficzna jako pierwszy element (NP)
    • Deutsche Mineralogische Gesellschaft. Find
    • b
    • Nazwa jednostki podrzędnej (P)
    • Kommission für Technische Mineralogie Find
245 -Strefa tytułu i oznaczenia odpowiedzialności [0,4]
    • a
    • Tytuł
    • Das Berufsfeld des Industrie-Mineralogen / Find
    • c
    • Pozostałe elementy strefy tytułu i oznaczenia odpowiedzialności (NP)
    • [hrsg. von der Deutschen Mineralogischen Gesellschaft e. V. Kommission fűr Technische Mineralogie].
260 -Strefa adresu wydawniczego [ , ]
    • a
    • Miejsce wydania (P)
    • Stuttgart :
    • c
    • Data wydania (P)
    • 1985.
    • b
    • Nazwa wydawcy (P)
    • E. Schweizerbart'sche Verlagsbuchhandlung,
300 -Strefa opisu fizycznego [ , ]
    • a
    • Określenie formy książki i/lub objętość (NP)
    • 16 s. ;
    • c
    • Format (NP)
    • 21 cm.
500 -Uwaga ogólna [ , ]
    • a
    • Uwaga ogólna (NP)
    • Opis wg okł.
546 -Uwaga dot. języka [ , ]
    • a
    • Uwaga dot. języka
    • Zsfassung.
080 -Uniwersalna Klasyfikacja Dziesiętna [ , ]
    • 2
    • Identyfikator wydania tablic
    • UDC-P058
    • a
    • Symbol klasyfikacji
    • 548/549
    • b
    • Dopowiedzenie
    • Krystalografia. Mineralogia.
    • x
    • Poddział wspólny
    • (430)
    • b
    • Dopowiedzenie
    • (Niemcy. Republika Federalna od 1990).
    • x
    • Poddział wspólny
    • =112.2
    • b
    • Dopowiedzenie
    • =Język niemiecki (wysokoniemiecki, standardowy niemiecki).
080 -Uniwersalna Klasyfikacja Dziesiętna [ , ]
    • 2
    • Identyfikator wydania tablic
    • UDC-P058
    • a
    • Symbol klasyfikacji
    • 553
    • b
    • Dopowiedzenie
    • Geologia gospodarcza. Nauka o złożach mineralnych.
    • x
    • Poddział wspólny
    • (430)
    • b
    • Dopowiedzenie
    • (Niemcy. Republika Federalna od 1990).
    • x
    • Poddział wspólny
    • =112.2
    • b
    • Dopowiedzenie
    • =Język niemiecki (wysokoniemiecki, standardowy niemiecki).
080 -Uniwersalna Klasyfikacja Dziesiętna [ , ]
    • 2
    • Identyfikator wydania tablic
    • UDC-P058
    • a
    • Symbol klasyfikacji
    • 69/69
    • b
    • Dopowiedzenie
    • Przemysł.
    • x
    • Poddział wspólny
    • (430)
    • b
    • Dopowiedzenie
    • (Niemcy. Republika Federalna od 1990).
    • x
    • Poddział wspólny
    • =112.2
    • b
    • Dopowiedzenie
    • =Język niemiecki (wysokoniemiecki, standardowy niemiecki).
980 -Symbol UKD [ , ]
    • a
    • UKD
    • 548/549:553:66/69](430)=112.2
Numer inwentarzowy Status udost. Lokalizacja Data inwentaryzacji
Z.1087651BG2007-06-19